<?xml version="1.0" encoding="UTF-8"?>
<record
    xmlns:xsi="http://www.w3.org/2001/XMLSchema-instance"
    xsi:schemaLocation="http://www.loc.gov/MARC21/slim http://www.loc.gov/standards/marcxml/schema/MARC21slim.xsd"
    xmlns="http://www.loc.gov/MARC21/slim">

  <leader>00882nam a22002057a 4500</leader>
  <controlfield tag="003">OSt</controlfield>
  <controlfield tag="005">20230726184758.0</controlfield>
  <controlfield tag="008">230726b           ||||| |||| 00| 0 spa d</controlfield>
  <datafield tag="020" ind1=" " ind2=" ">
    <subfield code="a">9789583029783</subfield>
  </datafield>
  <datafield tag="040" ind1=" " ind2=" ">
    <subfield code="c">CO-MqBPB</subfield>
  </datafield>
  <datafield tag="082" ind1=" " ind2=" ">
    <subfield code="a">N</subfield>
    <subfield code="b">BLAc</subfield>
  </datafield>
  <datafield tag="100" ind1=" " ind2=" ">
    <subfield code="a"> Blanck,Ulf</subfield>
    <subfield code="d">1962- </subfield>
  </datafield>
  <datafield tag="245" ind1=" " ind2=" ">
    <subfield code="a"> Los cazafantasmas / </subfield>
    <subfield code="c">Ulf Blanck ; traducci&#xF3;n Felipe Sarmiento Espinosa ; ilustraciones Fernando Cort&#xE9;s.</subfield>
  </datafield>
  <datafield tag="260" ind1=" " ind2=" ">
    <subfield code="a"> Bogot&#xE1; : </subfield>
    <subfield code="b">Panamericana,</subfield>
    <subfield code="c"> 2009</subfield>
  </datafield>
  <datafield tag="300" ind1=" " ind2=" ">
    <subfield code="a">94 p&#xE1;ginas ; </subfield>
    <subfield code="b">Tapa Dura,</subfield>
    <subfield code="c">22 cm.</subfield>
  </datafield>
  <datafield tag="500" ind1=" " ind2=" ">
    <subfield code="a">&#xBF;Por qu&#xE9; todos huyen despavoridos de la mansi&#xF3;n de la se&#xF1;ora Almond? &#xBF;Ser&#xE1; posible que est&#xE9; embrujada? Justus, Peter y Bob deciden comenzar la investigaci&#xF3;n y para ello deber&#xE1;n pasar la noche en la casona, junto a sus misteriosos habitantes.</subfield>
  </datafield>
  <datafield tag="650" ind1=" " ind2=" ">
    <subfield code="a">Novela Infantil</subfield>
    <subfield code="x">Novela alemana </subfield>
  </datafield>
  <datafield tag="650" ind1=" " ind2=" ">
    <subfield code="a">Novela polic&#xED;aca </subfield>
    <subfield code="x">aventuras</subfield>
  </datafield>
  <datafield tag="942" ind1=" " ind2=" ">
    <subfield code="2">ddc</subfield>
    <subfield code="c">BKLIT</subfield>
  </datafield>
  <datafield tag="999" ind1=" " ind2=" ">
    <subfield code="c">14962</subfield>
    <subfield code="d">14962</subfield>
  </datafield>
  <datafield tag="952" ind1=" " ind2=" ">
    <subfield code="0">0</subfield>
    <subfield code="1">0</subfield>
    <subfield code="2">ddc</subfield>
    <subfield code="4">0</subfield>
    <subfield code="7">0</subfield>
    <subfield code="8">LI</subfield>
    <subfield code="a">BPMOS</subfield>
    <subfield code="b">BPMOS</subfield>
    <subfield code="c">FIC</subfield>
    <subfield code="d">2023-07-26</subfield>
    <subfield code="e">Donaci&#xF3;n 2023</subfield>
    <subfield code="l">3</subfield>
    <subfield code="o">N BLAc</subfield>
    <subfield code="p">MOS503246</subfield>
    <subfield code="q">2025-12-20</subfield>
    <subfield code="r">2025-12-03</subfield>
    <subfield code="s">2025-12-03</subfield>
    <subfield code="t">Ej. 1</subfield>
    <subfield code="w">2023-07-26</subfield>
    <subfield code="y">BKLIT</subfield>
    <subfield code="z">Quince d&#xED;as</subfield>
  </datafield>
</record>
